El defensor de la religión /

Publicación periódica de la ciudad de Guadalajara de finales de la década de 1820, a pocos años de la independencia del país y en plenos ajustes de la vida independiente inicial. En aquella época se consideraba al catolicismo como única forma de religión presente en el país, pero los cambios polític...

Бүрэн тодорхойлолт

-д хадгалсан:
Номзүйн дэлгэрэнгүй
Формат: Ном
Хэл сонгох:испани
Хэвлэсэн: Guadalajara, México : Imprenta a Cargo de José Orosio Santos, 1829
Нөхцлүүд:
Шошгууд: Шошго нэмэх
Шошго байхгүй, Энэхүү баримтыг шошголох эхний хүн болох!

MARC

LEADER 00000nam^a2200000^a^4500
001 000571064
005 20250526000000.0
009 20260526153056.447
037 |a Acervo ITESO - Biblioteca 
041 |a ESP 
082 |a 239.  |b DEF V. 3 
240 1 4 |a [El defensor de la religión] 
245 0 3 |a El defensor de la religión / 
264 1 |a Guadalajara, México :  |b Imprenta a Cargo de José Orosio Santos,  |c 1829 
300 |a 421 p. ;  |c 30.5 cm. 
336 |a texto  |b txt  |2 rdacontenido 
337 |a sin mediación  |b n  |2 rdamedio 
338 |a volumen  |b nc  |2 rdasoporte 
520 |a Publicación periódica de la ciudad de Guadalajara de finales de la década de 1820, a pocos años de la independencia del país y en plenos ajustes de la vida independiente inicial. En aquella época se consideraba al catolicismo como única forma de religión presente en el país, pero los cambios político-sociales suscitaban inquietudes que hicieron que se consideraran necesarias publicaciones como ésta, en defensa de la fe y de los intereses de la Iglesia Católica en México y en particular en Guadalajara. Incluye noticias de la Iglesia dadas desde Roma y de otras partes del mundo y se hace referencia a doctrinas y propuestas ideológicas consideradas contrarias a la fe y a la religión. Se publicaba los martes y los viernes, completando 104 ó 105 números -algunos con suplementos- en cada volumen anual. 
649 |a XX 
650 |a Políticos Mexicanos 
650 |a Ministros Religiosos Españoles 
650 |a Herejes y Herejías -  |x Historia -  |y Siglo XIX 
650 |a Iglesia Católica en Guadalajara, Jalisco 
650 |a Iglesia Católica en México -  |x Historia -  |y Siglo XIX 
650 |a Iglesia Católica -  |x Historia -  |y Papa, 1829-1830 (Pío VIII) 
650 |a Milagros 
650 |a Celibato 
650 |a Libros Condenados y/o Prohibidos -  |z Guatemala -  |x Historia -  |y Siglo XIX 
650 |a Deísmo -  |x Historia y Crítica 
650 |a Excomunión 
650 |a Jansenismo -  |x Historia y Crítica 
650 |a Escolástica -  |x Historia y Crítica 
650 |a Ilustración (Filosofía) -  |x Historia y Crítica 
650 |a Filosofía Italiana -  |x Historia y Crítica 
650 |a Poesía Religiosa 
650 |a Literatura Religiosa -  |y Siglo XIX 
650 |a Apologética -  |x Publicaciones Periódicas Jaliscienses 
650 |a Apologética -  |x Tema Principal 
650 |a Teología Doctrinal 
650 |a Catolicismo 
650 |a Cristianismo 
650 |a Religión 
650 |a Publicaciones Periódicas Jaliscienses 
650 |a Publicaciones Periódicas Mexicanas 
650 |a Guadalajara, Jalisco -  |x Historia -  |y Federalismo y Centralismo, 1824-1853 
650 |a Jalisco -  |x Historia -  |y Federalismo y Centralismo, 1824-1853 
650 |a México -  |x Historia -  |y Federalismo y Centralismo, 1824-1853 
650 |a México -  |x Historia -  |y Siglo XIX 
650 |a Villanueva, Joaquín Lorenzo 
600 |a Villavicencio, Pablo de 
740 3 |a El Defensor de la Religión :  |b tomo III, volumen 1-104, 1829 / 
910 |a Fondo Salvador Reynoso Reynoso 
920 |a Impresos - Libros 
930 |a Libros Antiguos y Raros 
905 |a 108 
901 |a 0500401864  |b IT2  |c LRA  |i D  |u 20250526 
902 |a https://opac.biblio.iteso.mx/vufind/Record/000571064